banner-ar

السياسة المائية لاسرائيل / (Record no. 40414)

MARC details
000 -الفاتح
حقل البيانات ثابتة الطول 00896nam a2200229Ia 4500
005 - وقت وتاريخ اخر تعامل مع التسجيلة
رقم الضبط 20240530103533.0
008 - عناصر البيانات ثابتة الطول - معلومات عامة
حقل البيانات ثابتة الطول 140319s1986 le 000 0 ara d
040 ## - مصدر الفهرسة
وكالة الفهرسة الأصلية GCL /
وكالة النسخ GCL
082 04 - رقم تصنيف ديوى العشرى
رقم التصنيف 956.04/
رقم المادة د س
100 1# - المدخل الرئيسى - إسم شخصى
الإسم الشخصى اورى , ديفز
245 10 - بيان العنوان
العنوان السياسة المائية لاسرائيل /
بيان المسئوليه,etc اورى ديفيس، انطونيا ماكس، جون ريتشاردسون
260 ## - PUBLICATION, DISTRIBUTION, ETC. (IMPRINT)
تاريخ النشر أو التوزيع 1986
300 ## - الوصف المادى
التعداد 40 ص. ،
المادة المصاحبة 19 سم.
490 #0 - بيان السلسلة
عنوان السلسلة اوراق مؤسسة الدراسات الفلسطسينية ؛
رقم المجلد/ التعيين التسلسلي 6
650 07 - المدخل الاضافى بالموضوع-مصطلح موضوعى
مصطلح موضوعي النزاع العربى الاسرائيلى
مصدر الرأس أو المصطلح qrmak
651 07 - المدخل الاضافى بالموضوع - اسم جغرافى
مصدر الرأس أو المصطلح qrmak
الاسم الجغرافي اسرائيل
651 07 - المدخل الاضافى بالموضوع - اسم جغرافى
مصدر الرأس أو المصطلح qrmak
الاسم الجغرافي فلسطين
700 1# - المدخل الاضافى - اسم شخصى
الإسم الشخصى ريتشاردسون، جون
الدور مؤلف مشارك
700 1# - المدخل الاضافى - اسم شخصى
الإسم الشخصى ماكس ,انطون
الدور مؤلف مشارك
942 ## - عناصر المدخل الإضافي( كوها)
مصدر التصنيف او مخطط الترفيف Dewey Decimal Classification
Koha [default] item type كتاب
260 ## - PUBLICATION, DISTRIBUTION, ETC. (IMPRINT)
-- [بيروت :
-- مؤسسة الدراسات الفلسطينية ،
Holdings
حالة التراجع حالة الفقد حالة تلف ليس للاعارة المكان المؤقت الموقع الحالى تاريخ الاكتساب اجمالي اﻻعارات رقم الطلب الباركود تاريخ اخر مشاهدة تاريخ تفعيل السعر نوع وعاء كوها
        مكتبة القاهرة الكبرى مكتبة القاهرة الكبرى 03/26/2014   956.04\د س 97932 03/26/2014 03/26/2014 كتاب
        مكتبة القاهرة الكبرى مكتبة القاهرة الكبرى 03/26/2014   956.04\د س 97933 03/26/2014 03/26/2014 كتاب

Powered By

EGPV